Detalles MARC
| 000 -LIDER |
| fixed length control field |
01459nam a2200325 a 4500 |
| 001 - NÚMERO DE CONTROL |
| Identificador de número de control |
000003538 |
| 003 - IDENTIFICACDOR DE NÚMERO DE CONTROL |
| control field |
DO-SdBNP |
| 005 - DATE AND TIME OF LATEST TRANSACTION |
| control field |
20180305134426.0 |
| 007 - CAMPOS FIJOS DE DESCRIPCIÓN FÍSICA |
| fixed length control field |
000003538 |
| 008 - ELEMENTOS DE LONGITUD FIJA |
| fixed length control field |
110712s2009 dr ac 000 0 spa d |
| 020 ## - ISBN |
| International Standard Book Number |
9789945461435 |
| 040 ## - FUENTE DE CATALOGACIÓN |
| Agencia que crea de manera original el registro |
BPMSU |
| Idioma de catalogación |
spa |
| Agencia que realiza la transcripción |
BPMSU |
| 082 04 - NÚMERO DE CLASIFICACIÓN DECIMAL DE DEWEY |
| Classification number |
372.6561 |
| Item number |
V145L 1ro. 2009 |
| 100 1# - ASIENTO PRINCIPAL -- NOMBRE PERSONAL |
| Nombre personal |
Valdez, Lidia |
| 245 10 - MENCIÓN DE TITULO |
| Título |
Lengua española 1 : |
| Subtítulo |
[educación básica] / |
| Mención de responsabilidad |
Fime Gómez ; edición revisada y actualizada Lidia Valdez y Reyna Patricia Carrasco ; producción editorial María del Jesús de la Rosa ; ilustración Ramón Sandoval. |
| 260 ## - PUBLICACIÓN, DISTRIBUCIÓN, ETC. (PIE DE IMPRENTA) |
| Lugar de publicación, distribución, etc |
Santo Domingo : |
| Nombre del editor, distribuidor, etc. |
Actualidad Escolar, |
| Fecha de publicación, distribución, etc |
2009. |
| 300 ## - DESCRIPCIÓN FÍSICA |
| Extensión |
2 v. : |
| Otros detalles físicos |
il., retrs. ; |
| Dimensiones |
28 cm. |
| 500 ## - NOTA GENERAL |
| Nota general |
Incluye el libro del maestro. |
| 500 ## - NOTA GENERAL |
| Nota general |
Texto original elaborado por Fiume Gómez |
| 505 0# - NOTA DE CONTENIDO |
| Información miscelánea |
Unidad 1 -- |
| Título |
A la escuela -- |
| Información miscelánea |
Unidad 2 -- |
| Título |
Mi familia -- |
| Información miscelánea |
Unidad 3 -- |
| Título |
Me relaciono co los demás -- |
| Información miscelánea |
Unidad 4 -- |
| Título |
Llegó la navidad -- |
| Información miscelánea |
Unidad 5 -- |
| Título |
Conozco mi comunidad -- |
| Información miscelánea |
Unidad 6 -- |
| Título |
Todos trabajamos por la patria -- |
| Información miscelánea |
Unidad 7 -- |
| Título |
Me comunico -- |
| 700 12 - ASIENTO SECUNDARIO -- NOMBRE PERSONAL |
| Nombre personal |
Valdez, Lidia, |
| Mención de responsabilidad |
rev. |
| 700 12 - ASIENTO SECUNDARIO -- NOMBRE PERSONAL |
| Nombre personal |
Carrasco, Reyna Patricia, |
| Mención de responsabilidad |
rev. |
| 700 12 - ASIENTO SECUNDARIO -- NOMBRE PERSONAL |
| Nombre personal |
Sandoval, Ramón, |
| Mención de responsabilidad |
il. |
| 700 12 - ASIENTO SECUNDARIO -- NOMBRE PERSONAL |
| Nombre personal |
Rosa, María del Jesús de la, |
| Mención de responsabilidad |
ed. |
| 942 ## - ADDED ENTRY ELEMENTS (KOHA) |
| Source of classification or shelving scheme |
Dewey Decimal Classification |
| Koha item type |
Libros |
| 945 ## - INFORMACIÓN DE PROCESAMIENTO LOCAL |
| Información de procesamiento local |
Remanejado para la BNPHU / 2018 |
| 956 ## - LOCAL ELECTRONIC LOCATION AND ACCESS (OCLC) |
| Nombre de host |
DGARCIA |
| Número de acceso |
10 |
| Información de compresión |
20150810 |
| Inicio de sesión |
BND01 |
| Procesador de solicitud |
1013 |
| 956 ## - LOCAL ELECTRONIC LOCATION AND ACCESS (OCLC) |
| Nombre de host |
VMATEO |
| Número de acceso |
10 |
| Información de compresión |
20150812 |
| Inicio de sesión |
BPMSU |
| Procesador de solicitud |
00151 |
| 956 ## - LOCAL ELECTRONIC LOCATION AND ACCESS (OCLC) |
| Nombre de host |
LOPEREZ |
| Número de acceso |
10 |
| Información de compresión |
20160419 |
| Inicio de sesión |
BPMSU |
| Procesador de solicitud |
00041 |